Bahreïn pour les touristes... - Statistiques

Statistiques générales
  • Ce quiz a été pris 7 fois
  • Le résultat moyen est 7 sur 20
Statistiques - réponses
Question Indice Réponses % Correct
Quelle est la langue officielle ? Arabe
100%
Quel est le régime du pays ? M C Monarchie constitutionnelle
86%
Le suffixe internet est bh
71%
La religion majoritaire est Islam
71%
Dans la capitale quel est le décalage horaire avec Paris ? (+ ou - et chiffre) ex - 10 ou + 3,5 + 1
57%
Combien d'heures (environ) mettrez-vous pour vous y rendre ? (en chiffres) 7
57%
Le principal aéroport est B Bahreïn
57%
Quelles sont les principaux lieux touristiques ? D Desert
57%
Quel est le climat local ? D Désertique
57%
Achats à faire 1/ Pour des bijoux Perles
43%
Code sur les plaques minéralogiques BRN
14%
Achats à faire 4/ Petite boite précieuse Coffret
14%
Quelle est la monnaie ? Dinar bahreïni
14%
Comment se nomme la principale compagnie aérienne locale G A Gulf Air
14%
Quelles sont les principaux lieux touristiques ? C Ferme des {Chameaux}
0%
Quelles sont les principaux lieux touristiques ? A-F Mosquée {Al-Fatih}
0%
Quelles sont les principaux lieux touristiques ? N Musée {National}
0%
Achats à faire 3/ Vannerie de... Palmier
0%
Quelles sont les principaux lieux touristiques ? Q Ruines de {Qal'at al-Bahrain}
0%
Achats à faire 2/ Broderie appelée Teli
0%
Aucun quiz correspondant
Distribution des résultats
% des personnes avec chaque résultat
Percentile par nombre de réponses
Votre historique - résultats
Vous n’avez pas pris ce quiz